[Event "Skakligaen 2024-25"]
[Site "Denmark"]
[Date "2024.12.08"]
[Round "4.5"]
[White "Christensen, Stefan"]
[Black "Brondt, Nicolai Kvist"]
[Result "1/2-1/2"]
[WhiteElo "2186"]
[BlackElo "2236"]
[EventDate "2024.11.02"]
[EventType "team-tourn"]
[EventRounds "9"]
[EventCountry "DEN"]
[SourceTitle "Holdskaksystemet"]
[WhiteTeam "Obro"]
[BlackTeam "Skanderborg"]
[WhiteTeamCountry "DEN"]
[BlackTeamCountry "DEN"]

1. e4 c5 2. c3 d5 3. exd5 Qxd5 4. d4 Nf6 5. Nf3 e6 6. Be3 cxd4 7. cxd4 Bb4+ 8. Nc3 O-O 9. Bd3 b6 10. O-O Bxc3 11. bxc3 Ba6 1/2-1/2

[Event "Skakligaen 2024-25"]
[Site "Denmark"]
[Date "2024.12.08"]
[Round "4.6"]
[White "Berg, Klaus"]
[Black "Jorgensen, Brian Jorgen"]
[Result "1-0"]
[WhiteElo "2256"]
[BlackElo "2181"]
[EventDate "2024.11.02"]
[EventType "team-tourn"]
[EventRounds "9"]
[EventCountry "DEN"]
[SourceTitle "Holdskaksystemet"]
[WhiteTeam "Skanderborg"]
[BlackTeam "Obro"]
[WhiteTeamCountry "DEN"]
[BlackTeamCountry "DEN"]

1. d4 f5 2. Nf3 Nf6 3. Bg5 d5 4. e3 e6 5. c4 Be7 6. Nc3 O-O 7. Bd3 c6 8. O-O h6 9. Bh4 Bd7 10. Qb3 Bc8 11. Ne5 Qe8 12. f3 Nbd7 13. Nxd7 Qxd7 14. Rad1 dxc4 15. Bxc4 b5 16. Be2 Kh8 17. e4 a6 18. exf5 exf5 19. Rfe1 Bd6 20. Bg3 Bxg3 21. hxg3 Nh5 22. f4 Nxg3 23. Bf3 Bb7 24. Qe6 Rad8 25. Qg6 Ne4 26. Nxe4 fxe4 27. Bxe4 Kg8 28. Qh7+ Kf7 29. Bf5 Qd6 30. Be6+ 1-0

[Event "Skakligaen 2024-25"]
[Site "Denmark"]
[Date "2024.12.08"]
[Round "4.7"]
[White "Laursen, Niels Norskov"]
[Black "Larsen, Jonas Chul Bistrup"]
[Result "1/2-1/2"]
[WhiteElo "2191"]
[BlackElo "1987"]
[EventDate "2024.11.02"]
[EventType "team-tourn"]
[EventRounds "9"]
[EventCountry "DEN"]
[SourceTitle "Holdskaksystemet"]
[WhiteTeam "Obro"]
[BlackTeam "Skanderborg"]
[WhiteTeamCountry "DEN"]
[BlackTeamCountry "DEN"]

1. e4 c6 2. d4 d5 3. exd5 cxd5 4. c4 Nf6 5. Nc3 Nc6 6. Bg5 dxc4 7. Bxc4 e6 8. Nf3 Be7 9. O-O O-O 10. Rc1 a6 11. Bb3 Nd5 12. Ne4 Bxg5 13. Nexg5 Nf6 14. Qd3 h6 15. Ne4 Nxe4 16. Qxe4 Qf6 17. Ne5 Rd8 18. Nxc6 bxc6 19. Rfd1 Bb7 20. Rc3 Rab8 21. Rc5 Ba8 22. Qd3 Rb5 23. Qc3 Rdb8 24. h3 a5 25. Rd2 g6 26. Ba4 Rxc5 27. Qxc5 Qg5 28. Rc2 Qd5 29. Qxd5 exd5 30. Rc5 Rxb2 31. Rxa5 Bb7 32. Bb3 Kg7 33. Ra7 Bc8 34. Rc7 Be6 35. Rxc6 Rd2 36. a4 Rxd4 37. a5 Rb4 38. Rb6 Re4 39. Kf1 d4 40. Bxe6 fxe6 41. Rb4 Re5 42. Rxd4 1/2-1/2

[Event "Skakligaen 2024-25"]
[Site "Denmark"]
[Date "2024.12.08"]
[Round "4.8"]
[White "Bjerre, Tavs"]
[Black "Kakulidis, Ellen"]
[Result "1/2-1/2"]
[WhiteElo "2003"]
[BlackElo "2037"]
[EventDate "2024.11.02"]
[EventType "team-tourn"]
[EventRounds "9"]
[EventCountry "DEN"]
[SourceTitle "Holdskaksystemet"]
[WhiteTeam "Skanderborg"]
[BlackTeam "Obro"]
[WhiteTeamCountry "DEN"]
[BlackTeamCountry "DEN"]

1. d4 d5 2. c4 c6 3. Nf3 Nf6 4. Qc2 g6 5. Bf4 Bg7 6. e3 Bf5 7. Qb3 Qb6 8. c5 Qxb3 9. axb3 O-O 10. Nc3 Nbd7 11. h3 h6 12. Be2 g5 13. Bg3 Ne4 14. Nxe4 Bxe4 15. O-O Rfe8 16. Ra4 e5 17. Rfa1 exd4 18. exd4 a6 19. Rb4 1/2-1/2

[Event "Skakligaen 2024-25"]
[Site "Denmark"]
[Date "2025.01.25"]
[Round "5.1"]
[White "Thybo, Jesper Sondergaard"]
[Black "Mikkelsen, Nikolaj"]
[Result "1-0"]
[WhiteElo "2556"]
[BlackElo "2467"]
[EventDate "2024.11.02"]
[EventType "team-tourn"]
[EventRounds "9"]
[EventCountry "DEN"]
[SourceTitle "Holdskaksystemet"]
[WhiteTeam "Hillerod"]
[BlackTeam "BMS"]
[WhiteTeamCountry "DEN"]
[BlackTeamCountry "DEN"]

1. Nf3 d5 2. g3 Nc6 3. d4 Bf5 4. Bg2 Nb4 5. Na3 e6 6. Nh4 Be4 7. f3 Bg6 8. Nxg6 hxg6 9. c3 Nc6 10. Qb3 a6 11. e4 b5 12. Nb1 Na5 13. Qd1 Nb7 14. O-O c5 15. exd5 exd5 16. a4 c4 17. Re1+ Be7 18. b3 Kf8 19. f4 Nf6 20. Nd2 Nd6 21. Ba3 Nf5 22. Bxe7+ Nxe7 23. axb5 axb5 24. Rxa8 Qxa8 25. Qa1 Qc8 26. Qa3 Qd8 27. bxc4 bxc4 28. Nf3 Ne8 29. Ne5 Qd6 30. Qa8 Rh6 31. Bxd5 f6 32. Bf7 1-0

[Event "Skakligaen 2024-25"]
[Site "Denmark"]
[Date "2025.01.25"]
[Round "5.2"]
[White "Kistrup, Nicolai"]
[Black "Hansen, Sune Berg"]
[Result "1/2-1/2"]
[WhiteElo "2400"]
[BlackElo "2511"]
[EventDate "2024.11.02"]
[EventType "team-tourn"]
[EventRounds "9"]
[EventCountry "DEN"]
[SourceTitle "Holdskaksystemet"]
[WhiteTeam "BMS"]
[BlackTeam "Hillerod"]
[WhiteTeamCountry "DEN"]
[BlackTeamCountry "DEN"]

1. e4 c5 2. Nf3 Nc6 3. Bb5 Nf6 4. Nc3 Qc7 5. O-O Nd4 6. Re1 a6 7. Bf1 Ng4 8. g3 Nxf3+ 9. Qxf3 Ne5 10. Qe2 e6 11. d3 d6 12. f4 Nc6 13. Be3 Be7 14. Bg2 O-O 15. Kh1 b5 16. Qf2 Bb7 17. f5 Bf6 18. Rab1 Qe7 19. Ne2 Rac8 20. Nf4 g6 21. c3 Ne5 22. Qe2 Qd7 23. fxe6 fxe6 24. Rbd1 Rce8 25. d4 cxd4 26. cxd4 Nc4 27. Bg1 e5 28. dxe5 Nxe5 29. Bh3 Qe7 30. Nd5 Qg7 31. Rf1 Bg5 32. Rxf8+ Rxf8 33. b3 Nf3 34. Bb6 h5 35. Bg2 Ne5 36. Rf1 Rxf1+ 37. Qxf1 Nd7 38. Bg1 Qb2 39. h4 Bd8 40. Bh3 Nf6 41. Qf4 Qe5 42. Qxe5 dxe5 43. Nxf6+ Bxf6 44. Bg2 Kf7 1/2-1/2

[Event "Skakligaen 2024-25"]
[Site "Denmark"]
[Date "2025.01.25"]
[Round "5.3"]
[White "Schandorff, Lars"]
[Black "Haubro, Martin"]
[Result "1-0"]
[WhiteElo "2470"]
[BlackElo "2381"]
[EventDate "2024.11.02"]
[EventType "team-tourn"]
[EventRounds "9"]
[EventCountry "DEN"]
[SourceTitle "Holdskaksystemet"]
[WhiteTeam "Hillerod"]
[BlackTeam "BMS"]
[WhiteTeamCountry "DEN"]
[BlackTeamCountry "DEN"]

1. d4 Nf6 2. Nf3 d5 3. e3 e6 4. Bd3 Nbd7 5. Nbd2 Be7 6. O-O O-O 7. Re1 b6 8. e4 dxe4 9. Nxe4 Bb7 10. Qe2 h6 11. Bf4 Nd5 12. Bd2 Nb4 13. Bxb4 Bxb4 14. c3 Be7 15. Rad1 Nf6 16. Nxf6+ Bxf6 17. Be4 Bxe4 18. Qxe4 Qd6 19. Ne5 Rfd8 20. Nc6 Re8 21. c4 a5 22. g3 g6 23. h4 Bg7 24. Qf3 Rf8 25. Rd3 Rae8 26. Re2 f6 27. a3 Kh8 28. b4 axb4 29. axb4 Ra8 30. Qe4 Rfe8 31. b5 f5 32. Qf3 Kh7 33. Rc2 Ra1+ 34. Kg2 Rf8 35. c5 Qd5 36. Qxd5 exd5 37. Ne7 Ra4 38. Nxd5 Bxd4 39. cxb6 cxb6 40. Rc7+ Kh8 41. Rc6 Rd8 42. Nf4 Re8 43. Rxg6 Kh7 44. Re6 Rxe6 45. Nxe6 Bc5 46. Rd5 f4 47. Nxc5 bxc5 48. Rxc5 fxg3 49. fxg3 Rb4 50. h5 Kg7 51. Rf5 Ra4 52. Kf3 Ra3+ 53. Ke4 Rxg3 54. Kd5 1-0

[Event "Skakligaen 2024-25"]
[Site "Denmark"]
[Date "2025.01.25"]
[Round "5.4"]
[White "Jacobsen, Mikkel Manosri"]
[Black "Percivaldi, Martin"]
[Result "1-0"]
[WhiteElo "2345"]
[BlackElo "2382"]
[EventDate "2024.11.02"]
[EventType "team-tourn"]
[EventRounds "9"]
[EventCountry "DEN"]
[SourceTitle "Holdskaksystemet"]
[WhiteTeam "BMS"]
[BlackTeam "Hillerod"]
[WhiteTeamCountry "DEN"]
[BlackTeamCountry "DEN"]

1. Nf3 Nf6 2. g3 e6 3. Bg2 d5 4. O-O Be7 5. d3 O-O 6. Nbd2 c5 7. e4 Nc6 8. Re1 Qc7 9. e5 Ng4 10. Qe2 f6 11. exf6 Bxf6 12. Nb3 Qd6 13. Kh1 e5 14. h3 Nh6 15. Bxh6 gxh6 16. Qe3 Kg7 17. Qxc5 Qxc5 18. Nxc5 Be7 19. Nb3 Bxh3 20. Nxe5 Bxg2+ 21. Kxg2 Nxe5 22. Rxe5 Bf6 23. Rxd5 Bxb2 24. Rb1 Ba3 25. Nc5 Rf7 26. Rxb7 Re8 27. Rxf7+ Kxf7 28. Rd7+ Kg6 29. Ne4 a5 30. Rd5 Ra8 31. f4 Be7 32. a4 Rc8 33. c3 1-0

[Event "Skakligaen 2024-25"]
[Site "Denmark"]
[Date "2025.01.25"]
[Round "5.5"]
[White "Borge, Nikolaj"]
[Black "Liu, Casper Yukun"]
[Result "0-1"]
[WhiteElo "2364"]
[BlackElo "2251"]
[EventDate "2024.11.02"]
[EventType "team-tourn"]
[EventRounds "9"]
[EventCountry "DEN"]
[SourceTitle "Holdskaksystemet"]
[WhiteTeam "Hillerod"]
[BlackTeam "BMS"]
[WhiteTeamCountry "DEN"]
[BlackTeamCountry "DEN"]

1. e4 e6 2. d4 d5 3. e5 c5 4. c3 Nc6 5. Nf3 Qb6 6. Bd3 cxd4 7. O-O Bd7 8. Re1 Nge7 9. h4 Rc8 10. h5 h6 11. Nbd2 dxc3 12. bxc3 Na5 13. Rb1 Qd8 14. Nd4 Nec6 15. Qg4 Qg5 16. Qe2 Qh4 17. Nb5 a6 18. g3 Qh3 19. Nd4 Bc5 20. N2f3 O-O 21. Nh4 Bxd4 22. cxd4 Nxd4 23. Qd1 Bb5 24. Rxb5 Nxb5 25. Bf4 Nc3 26. Qf3 Nc6 27. Bf1 Nd4 28. Bxh3 Nxf3+ 29. Nxf3 Nxa2 30. Rb1 b5 31. Ra1 Rc2 32. Ne1 Rb2 33. Nd3 Rc2 34. Bg4 b4 35. Bd1 Rc3 36. Ne1 Ra3 37. Nc2 Rd3 38. Ne1 Ra3 39. Nc2 Rd3 40. Ne1 Rxd1 41. Rxd1 a5 42. Bd2 Rc8 43. Nd3 Rc4 44. Kf1 Rd4 45. Be3 Rc4 46. Bb6 a4 47. Nb2 a3 48. Nxc4 dxc4 49. Ke1 c3 50. Rd8+ Kh7 51. Rb8 c2 52. Be3 c1=Q+ 53. Bxc1 Nxc1 54. Kd1 Nd3 55. Kc2 Nc5 56. Rb5 b3+ 57. Kb1 Ne4 58. Rxb3 Nd2+ 59. Ka2 Nxb3 60. Kxb3 g6 61. g4 f6 62. f4 f5 63. gxf5 exf5 64. Kxa3 gxh5 65. Kb4 h4 66. Kc5 Kg7 67. Kd6 h3 68. e6 h2 69. e7 h1=Q 70. e8=Q Qd1+ 71. Kc5 Qc1+ 72. Kd4 Qd2+ 73. Kc4 Qxf4+ 74. Kd3 Qf3+ 75. Kd2 Qd5+ 76. Ke3 Kf6 77. Kf4 Qd4+ 78. Kf3 Qg4+ 79. Kf2 Qf4+ 80. Kg1 Qd4+ 81. Kf1 Qd3+ 82. Kf2 Qd4+ 83. Kf1 Qa1+ 84. Kg2 Qb2+ 85. Kf3 Qb7+ 86. Kf4 Qb4+ 87. Kf3 Qg4+ 88. Kf2 Kg5 89. Qe7+ Kh5 90. Qe8+ Kh4 91. Qe7+ Qg5 92. Qd6 Kh3 0-1

[Event "Skakligaen 2024-25"]
[Site "Denmark"]
[Date "2025.01.25"]
[Round "5.6"]
[White "Akdag, Dara Sevkan"]
[Black "Ostergaard, Jens"]
[Result "0-1"]
[WhiteElo "2161"]
[BlackElo "2267"]
[EventDate "2024.11.02"]
[EventType "team-tourn"]
[EventRounds "9"]
[EventCountry "DEN"]
[SourceTitle "Holdskaksystemet"]
[WhiteTeam "BMS"]
[BlackTeam "Hillerod"]
[WhiteTeamCountry "DEN"]
[BlackTeamCountry "DEN"]

1. Nf3 Nf6 2. c4 g6 3. g3 Bg7 4. Bg2 O-O 5. O-O d6 6. b3 e5 7. d4 Nc6 8. Bb2 a5 9. Na3 Re8 10. dxe5 Ng4 11. Qd2 Ngxe5 12. Rad1 Qe7 13. Rfe1 a4 14. b4 Be6 15. Nd4 Nxd4 16. Bxd4 c5 17. Ba1 Red8 18. Qc3 cxb4 19. Qxb4 Nc6 20. Qb6 Bxa1 21. Rxa1 d5 22. cxd5 Bxd5 23. e4 Be6 24. Qb2 Rd3 25. Nc2 Rad8 26. Ne3 Rd2 27. Qb6 Qb4 28. Qc7 Rxa2 29. Nd5 Qd2 30. Rf1 Rxa1 31. Rxa1 Qb2 32. Rd1 Kg7 33. f4 a3 34. f5 Bxd5 35. f6+ Qxf6 36. Rf1 Qd4+ 37. Kh1 Bc4 0-1

[Event "Skakligaen 2024-25"]
[Site "Denmark"]
[Date "2025.01.25"]
[Round "5.7"]
[White "Jaksland, Tim"]
[Black "Wahlgreen, Noah Krug"]
[Result "1/2-1/2"]
[WhiteElo "2143"]
[BlackElo "2148"]
[EventDate "2024.11.02"]
[EventType "team-tourn"]
[EventRounds "9"]
[EventCountry "DEN"]
[SourceTitle "Holdskaksystemet"]
[WhiteTeam "Hillerod"]
[BlackTeam "BMS"]
[WhiteTeamCountry "DEN"]
[BlackTeamCountry "DEN"]

1. d4 d5 2. Nc3 c6 3. Bf4 Nf6 4. f3 e6 5. Qd2 Bd6 6. Nh3 Qc7 7. O-O-O Nbd7 8. Bxd6 Qxd6 9. Nf2 e5 10. dxe5 Qxe5 11. e4 dxe4 12. Ncxe4 O-O 13. Bd3 Nc5 14. Nxc5 Qxc5 15. Ne4 Nxe4 16. Bxe4 Be6 17. Kb1 Qc4 18. b3 Qc5 19. Qd4 Qa3 20. Qd6 Qa5 21. Qd2 Qb6 22. Qd4 f5 23. Qxb6 axb6 24. Bd3 b5 25. Rhe1 Rfe8 26. Re5 g6 27. Rde1 Kf7 28. f4 Bd5 29. Rxe8 Rxe8 30. Rxe8 Kxe8 31. g3 Ke7 32. Kb2 Kd6 33. Kc3 Kc5 34. b4+ Kd6 35. a3 b6 36. Kd4 c5+ 37. Ke3 Kc6 38. c3 Be6 39. Be2 Bd5 40. Bd3 Be6 41. Bf1 Bd5 42. Be2 Be6 43. Bf3+ Kc7 44. Be2 Kc6 45. Bf3+ 1/2-1/2

[Event "Skakligaen 2024-25"]
[Site "Denmark"]
[Date "2025.01.25"]
[Round "5.8"]
[White "Jalving, August"]
[Black "Pedersen, Jan Nordenbaek"]
[Result "1/2-1/2"]
[WhiteElo "2213"]
[BlackElo "2192"]
[EventDate "2024.11.02"]
[EventType "team-tourn"]
[EventRounds "9"]
[EventCountry "DEN"]
[SourceTitle "Holdskaksystemet"]
[WhiteTeam "BMS"]
[BlackTeam "Hillerod"]
[WhiteTeamCountry "DEN"]
[BlackTeamCountry "DEN"]

1. e4 e5 2. Nf3 Nc6 3. Bb5 a6 4. Ba4 Nf6 5. O-O Nxe4 6. d4 b5 7. Bb3 d5 8. dxe5 Be6 9. c3 Bc5 10. Nbd2 O-O 11. Bc2 Nxf2 12. Rxf2 f6 13. Nf1 Bxf2+ 14. Kxf2 fxe5 15. Kg1 h6 16. Ng3 Qd6 1/2-1/2

[Event "Skakligaen 2024-25"]
[Site "Denmark"]
[Date "2025.01.25"]
[Round "5.1"]
[White "Hillarp Persson, Tiger"]
[Black "Hector, Jonny"]
[Result "1/2-1/2"]
[WhiteElo "2468"]
[BlackElo "2434"]
[EventDate "2024.11.02"]
[EventType "team-tourn"]
[EventRounds "9"]
[EventCountry "DEN"]
[SourceTitle "Holdskaksystemet"]
[WhiteTeam "Bronshoj"]
[BlackTeam "Nordkalotten"]
[WhiteTeamCountry "DEN"]
[BlackTeamCountry "DEN"]

1. Nf3 d5 2. g3 Nc6 3. d4 Bf5 4. c4 e5 5. Nxe5 Nxe5 6. dxe5 dxc4 7. Qa4+ Qd7 8. Qxc4 Be6 9. Qc2 Qd5 10. e4 Qxe5 11. Nc3 Bd6 12. Be2 Ne7 13. O-O a6 14. Bf4 Qc5 15. Be3 Qc6 16. Rac1 O-O 17. Qb1 Qe8 18. f4 f5 19. e5 Bb4 20. Rfd1 Qf7 21. Na4 Bxa2 22. Qxa2 Qxa2 23. Bc4+ Qxc4 24. Rxc4 Nc6 25. Bc5 Bxc5+ 26. Nxc5 Rfd8 27. Rxd8+ Nxd8 28. e6 Kf8 29. Rd4 Ke8 30. g4 b6 31. gxf5 bxc5 32. Rd7 g6 33. Rg7 gxf5 34. e7 c6 35. exd8=Q+ Rxd8 36. Rxh7 Rd1+ 37. Kf2 Rd2+ 38. Ke3 Rxb2 39. Rh5 Kd7 40. Rxf5 Rxh2 41. Rxc5 Kc7 42. Ra5 Kb6 43. Ra1 a5 44. f5 Rh8 45. Kd4 c5+ 46. Kd5 Rd8+ 47. Ke6 c4 48. f6 Kb5 49. f7 c3 50. Rg1 Rf8 51. Rg8 Rxf7 52. Kxf7 Kc4 53. Rc8+ Kd3 54. Rd8+ Ke3 55. Rc8 Kd2 56. Rd8+ 1/2-1/2

[Event "Skakligaen 2024-25"]
[Site "Denmark"]
[Date "2025.01.25"]
[Round "5.2"]
[White "Jepson, Christian"]
[Black "Vasli, Aref"]
[Result "1-0"]
[WhiteElo "2404"]
[BlackElo "2401"]
[EventDate "2024.11.02"]
[EventType "team-tourn"]
[EventRounds "9"]
[EventCountry "DEN"]
[SourceTitle "Holdskaksystemet"]
[WhiteTeam "Nordkalotten"]
[BlackTeam "Bronshoj"]
[WhiteTeamCountry "DEN"]
[BlackTeamCountry "DEN"]

1. Nf3 Nf6 2. c4 g6 3. Nc3 Bg7 4. e4 O-O 5. d4 d6 6. Be2 c5 7. h3 cxd4 8. Nxd4 Nc6 9. Be3 Bd7 10. O-O Rc8 11. Nf3 Na5 12. Nd2 b6 13. Rc1 Ne8 14. b3 Bc6 15. b4 Nb7 16. f4 e6 17. Bf3 Qe7 18. Qe2 Nc7 19. Nb3 Nd8 20. Nb5 Ra8 21. Rfd1 Nxb5 22. cxb5 Bb7 23. Nd4 e5 24. Nc6 Qf6 25. f5 gxf5 26. exf5 e4 27. Bxe4 Re8 28. Qf3 Rc8 29. Bf2 a6 30. a4 axb5 31. axb5 Qb2 32. Rc2 Qf6 33. Bd5 Nxc6 34. bxc6 Ba6 35. Bxb6 Qh4 36. Bf2 Qxb4 37. f6 Bf8 1-0

[Event "Skakligaen 2024-25"]
[Site "Denmark"]
[Date "2025.01.25"]
[Round "5.3"]
[White "Falkesgaard, Jeppe Hald"]
[Black "Brynell, Stellan"]
[Result "0-1"]
[WhiteElo "2261"]
[BlackElo "2380"]
[EventDate "2024.11.02"]
[EventType "team-tourn"]
[EventRounds "9"]
[EventCountry "DEN"]
[SourceTitle "Holdskaksystemet"]
[WhiteTeam "Bronshoj"]
[BlackTeam "Nordkalotten"]
[WhiteTeamCountry "DEN"]
[BlackTeamCountry "DEN"]

1. c4 Nf6 2. g3 g6 3. Bg2 Bg7 4. Nc3 O-O 5. d4 c5 6. e3 d6 7. Nge2 Nc6 8. O-O Bd7 9. b3 Rb8 10. Bb2 cxd4 11. exd4 a6 12. Rc1 Qc8 13. Nd5 Bh3 14. Nb6 Qf5 15. d5 Bxg2 16. Kxg2 Ne5 17. Nd4 Qd3 18. Re1 Rfe8 19. f4 Qxd1 20. Rexd1 Ned7 21. Nxd7 Nxd7 22. b4 Rec8 23. Rd2 Rc7 24. Re2 Kf8 25. b5 Bxd4 26. Bxd4 axb5 27. Rce1 Rxc4 28. Rxe7 Rd8 29. Bf2 Rc2 30. R1e2 Rxe2 31. Rxe2 Nf6 32. Rb2 Ra8 33. Bd4 Nxd5 34. Rxb5 Rxa2+ 35. Kf3 Ra3+ 36. Kg4 Ne3+ 37. Kg5 h6+ 38. Kxh6 Nf5+ 39. Kg5 Nxd4 40. Rd5 Ne6+ 41. Kf6 Nc7 42. Rd4 Ra5 0-1

[Event "Skakligaen 2024-25"]
[Site "Denmark"]
[Date "2025.01.25"]
[Round "5.4"]
[White "Sylvan, Jacob"]
[Black "Aabling Thomsen, Jakob"]
[Result "0-1"]
[WhiteElo "2332"]
[BlackElo "2327"]
[EventDate "2024.11.02"]
[EventType "team-tourn"]
[EventRounds "9"]
[EventCountry "DEN"]
[SourceTitle "Holdskaksystemet"]
[WhiteTeam "Nordkalotten"]
[BlackTeam "Bronshoj"]
[WhiteTeamCountry "DEN"]
[BlackTeamCountry "DEN"]

1. e4 c5 2. Nf3 g6 3. d4 cxd4 4. Qxd4 Nf6 5. e5 Nc6 6. Qa4 Nd5 7. Qe4 Nb6 8. Bf4 d5 9. exd6 Bf5 10. Qe2 Nd5 11. dxe7 Bxe7 12. Bh6 Ndb4 13. Na3 Qa5 14. Qd2 Rd8 15. Qc3 Bf6 16. Qe3+ Be6 17. c3 Nd5 18. Qc1 Nxc3 19. Bd2 Rxd2 20. Qxd2 O-O 21. Bd3 Rd8 22. O-O Bf5 23. Ne1 Ne5 24. bxc3 Qxa3 25. Qf4 Nxd3 26. Nxd3 Rxd3 27. g4 Bxc3 28. gxf5 Bxa1 29. Rxa1 Rf3 30. Qb8+ Kg7 31. fxg6 Qb2 32. Rf1 hxg6 33. Qxa7 Ra3 34. Qb8 Rxa2 35. Kg2 Ra5 36. Qf4 Rf5 37. Qe3 Qf6 38. Rc1 Rg5+ 39. Kh1 b5 0-1

[Event "Skakligaen 2024-25"]
[Site "Denmark"]
[Date "2025.01.25"]
[Round "5.5"]
[White "Pilgaard, Kim"]
[Black "Kristensen, Kaare Hove"]
[Result "1-0"]
[WhiteElo "2373"]
[BlackElo "2266"]
[EventDate "2024.11.02"]
[EventType "team-tourn"]
[EventRounds "9"]
[EventCountry "DEN"]
[SourceTitle "Holdskaksystemet"]
[WhiteTeam "Bronshoj"]
[BlackTeam "Nordkalotten"]
[WhiteTeamCountry "DEN"]
[BlackTeamCountry "DEN"]

1. d4 d5 2. c4 c6 3. Nc3 Nf6 4. cxd5 cxd5 5. Bf4 Nc6 6. e3 Bf5 7. Nf3 e6 8. Qb3 Bb4 9. Ne5 Qb6 10. Nxc6 bxc6 11. Be2 Ne4 12. f3 Nxc3 13. bxc3 Be7 14. c4 Qxb3 15. axb3 Bb4+ 16. Kf2 a5 17. cxd5 cxd5 18. Rhc1 O-O 19. Rc6 Rfc8 20. Rac1 Rxc6 21. Rxc6 h6 22. g4 Bg6 23. Bb5 h5 24. h3 hxg4 25. hxg4 Ra7 26. Ke2 Re7 27. Rc8+ Kh7 28. Bc6 f6 29. e4 dxe4 30. fxe4 e5 31. dxe5 fxe5 32. Bg5 Rf7 33. Bd5 Rf8 34. Rxf8 Bxf8 35. Bd8 Bb4 36. Bc7 Be8 37. Bxe5 a4 38. bxa4 Bxa4 39. Bf7 Bc2 40. Ke3 Bd1 41. g5 Be7 42. Kf4 Bc2 43. g6+ Kh6 44. Kg4 Bd1+ 45. Kf5 Bd8 46. Bd4 Be2 47. Bb3 Kh5 48. Bf7 Kh6 49. Ke6 Bd3 50. Be3+ Kh5 51. Kd5 Bc2 52. e5 Bxg6 53. e6 Be7 54. Bf4 Bh4 55. Bd2 Be7 56. Be3 Bf8 57. Bxg6+ Kxg6 58. Bc5 1-0

[Event "Skakligaen 2024-25"]
[Site "Denmark"]
[Date "2025.01.25"]
[Round "5.6"]
[White "Hove, Esben Kjems"]
[Black "Bromann, Thorbjorn"]
[Result "0-1"]
[WhiteElo "2306"]
[BlackElo "2357"]
[EventDate "2024.11.02"]
[EventType "team-tourn"]
[EventRounds "9"]
[EventCountry "DEN"]
[SourceTitle "Holdskaksystemet"]
[WhiteTeam "Nordkalotten"]
[BlackTeam "Bronshoj"]
[WhiteTeamCountry "DEN"]
[BlackTeamCountry "DEN"]

1. d4 d5 2. Bf4 Nf6 3. e3 c5 4. Nd2 Nc6 5. Ngf3 Qb6 6. dxc5 Qxb2 7. Rb1 Qc3 8. Bb5 Bd7 9. O-O e6 10. e4 dxe4 11. Nc4 exf3 12. Rb3 Qd4 13. Qxf3 Qxc5 14. Rd1 Nd5 15. Be3 Qe7 16. Bxc6 Bxc6 17. Ne5 Qf6 18. Qg3 Bd6 19. Bd4 Bxe5 20. Bxe5 Qg6 21. Bxg7 Qxc2 22. Rbb1 Rg8 0-1

[Event "Skakligaen 2024-25"]
[Site "Denmark"]
[Date "2025.01.25"]
[Round "5.7"]
[White "Hoi, Carsten"]
[Black "Jakobsen, Peter"]
[Result "1/2-1/2"]
[WhiteElo "2302"]
[BlackElo "2205"]
[EventDate "2024.11.02"]
[EventType "team-tourn"]
[EventRounds "9"]
[EventCountry "DEN"]
[SourceTitle "Holdskaksystemet"]
[WhiteTeam "Bronshoj"]
[BlackTeam "Nordkalotten"]
[WhiteTeamCountry "DEN"]
[BlackTeamCountry "DEN"]

1. Nf3 d5 2. e3 Nf6 3. c4 e6 4. Nc3 Nbd7 5. d4 a6 6. b3 b6 7. Bd3 Bb7 8. O-O Bd6 9. Bb2 O-O 10. Qe2 Ne4 11. Qc2 f5 12. Ne2 Qe7 13. Ne5 Nxe5 14. dxe5 Bc5 15. cxd5 exd5 16. Nf4 Rad8 17. Rac1 c6 18. Rfe1 Bc8 19. Bd4 Bxd4 20. exd4 Qb4 21. Qb2 1/2-1/2

[Event "Skakligaen 2024-25"]
[Site "Denmark"]
[Date "2025.01.25"]
[Round "5.8"]
[White "Nielsen, Lars Aaes"]
[Black "Palm, Nikolaj"]
[Result "1/2-1/2"]
[WhiteElo "2186"]
[BlackElo "2282"]
[EventDate "2024.11.02"]
[EventType "team-tourn"]
[EventRounds "9"]
[EventCountry "DEN"]
[SourceTitle "Holdskaksystemet"]
[WhiteTeam "Nordkalotten"]
[BlackTeam "Bronshoj"]
[WhiteTeamCountry "DEN"]
[BlackTeamCountry "DEN"]

1. e4 e5 2. Nf3 Nc6 3. d4 exd4 4. Bc4 Bc5 5. c3 d6 6. cxd4 Bb6 7. d5 Ne5 8. Nxe5 dxe5 9. Nc3 Nf6 10. Bb5+ Bd7 11. Bxd7+ Qxd7 12. O-O O-O 13. Bg5 Ne8 14. Qd3 f6 15. Be3 Bxe3 1/2-1/2

[Event "Skakligaen 2024-25"]
[Site "Denmark"]
[Date "2025.01.25"]
[Round "5.5"]
[White "Vinther Schou, Uffe"]
[Black "Licznerski, Lukasz"]
[Result "0-1"]
[WhiteElo "2314"]
[BlackElo "2432"]
[PlyCount "94"]
[EventDate "2024.11.02"]
[EventType "team-tourn"]
[EventRounds "9"]
[EventCountry "DEN"]
[SourceTitle "Uffe Vinther Schou"]
[WhiteTeam "AarhusSkolerne"]
[BlackTeam "Skanderborg"]
[WhiteTeamCountry "DEN"]
[BlackTeamCountry "DEN"]

1. c4 Nf6 2. g3 g6 3. Bg2 d5 4. cxd5 Nxd5 5. Nc3 Nb6 6. Nf3 Bg7 7. O-O Nc6 8. b3 O-O 9. Bb2 e5 10. d3 Nd4 11. Nd2 Re8 12. Nc4 f5 13. e3 Nc6 14. Qe2 Be6 15. Rfd1 Qd7 16. Rac1 Rab8 17. Qf1 Bf7 18. a3 Nxc4 19. dxc4 Qc8 20. Nd5 e4 21. Nf6+ Bxf6 22. Bxf6 Ne5 23. Bxe5 Rxe5 24. Qe1 Qf8 25. Qc3 Rbe8 26. b4 Qe7 27. Rd2 Re6 28. c5 Qf6 29. Qxf6 Rxf6 30. Rd7 Rc8 31. Bf1 Kf8 32. c6 Rxc6 33. Rxc6 bxc6 34. Ba6 Re8 35. Rxc7 Rd8 36. Rxc6 Rd1+ 37. Kg2 Ra1 38. Rc3 g5 39. Bc8 Bh5 40. Bxf5 Bf3+ 41. Kh3 h5 42. g4 Rg1 43. Rc8+ Ke7 44. Rc7+ Kd6 45. Rd7+ Kc6 46. b5+ Kxb5 47. Rd5+ Kc6 0-1

[Event "Skakligaen 2024-25"]
[Site "Denmark"]
[Date "2025.01.25"]
[Round "5.6"]
[White "Pedersen, Nicolai Vesterbaek"]
[Black "Sobjerg, Erik"]
[Result "1-0"]
[WhiteElo "2351"]
[BlackElo "2289"]
[EventDate "2024.11.02"]
[EventType "team-tourn"]
[EventRounds "9"]
[EventCountry "DEN"]
[SourceTitle "Holdskaksystemet"]
[WhiteTeam "Skanderborg"]
[BlackTeam "AarhusSkolerne"]
[WhiteTeamCountry "DEN"]
[BlackTeamCountry "DEN"]

1. c4 e6 2. Nc3 d5 3. d4 h6 4. Nf3 Nf6 5. Bf4 Bd6 6. Bg3 O-O 7. e3 a6 8. Rc1
Bxg3 9. hxg3 Nbd7 10. cxd5 exd5 11. Bd3 Re8 12. O-O c6 13. a4 Ne4 14. b4 Ndf6
15. Ne5 Qd6 16. b5 cxb5 17. axb5 a5 18. Qc2 Bf5 19. Nxe4 Bxe4 20. Bxe4 Nxe4 21.
Qc7 Qe6 22. Qxb7 Nd6 23. Qd7 Qxd7 24. Nxd7 Nxb5 25. Rc5 Ra7 26. Rxb5 Rxd7 27.
Rxa5 h5 28. Rfa1 g6 29. Rc5 Red8 30. Kf1 Kf8 31. Ke2 Ke7 32. Kf3 Ke6 33. g4
hxg4+ 34. Kxg4 Rh8 35. Rc6+ Ke7 36. Rca6 Rh2 37. Kg3 Rh5 38. Ra7 Rxa7 39. Rxa7+
Ke6 40. Ra6+ Ke7 41. Kf3 Rf5+ 42. Ke2 Rg5 43. g3 Rh5 44. Kd3 Rh2 45. Ra2 Ke6
46. e4 dxe4+ 47. Kxe4 Rh1 48. Ra6+ Ke7 49. Kd5 Rf1 50. Ra2 Rd1 51. Re2+  1-0

[Event "Skakligaen 2024-25"]
[Site "Denmark"]
[Date "2025.01.25"]
[Round "5.7"]
[White "Pedersen, Finn"]
[Black "Boe, Mads"]
[Result "1/2-1/2"]
[WhiteElo "2263"]
[BlackElo "2275"]
[EventDate "2024.11.02"]
[EventType "team-tourn"]
[EventRounds "9"]
[EventCountry "DEN"]
[SourceTitle "Holdskaksystemet"]
[WhiteTeam "AarhusSkolerne"]
[BlackTeam "Skanderborg"]
[WhiteTeamCountry "DEN"]
[BlackTeamCountry "DEN"]

1. c4 c5 2. Nc3 Nc6 3. g3 g6 4. Bg2 Bg7 5. a3 e5 6. b4 d6 7. Rb1 Nge7 8. b5 Nb8
9. e3 Nd7 10. Nge2 O-O 11. O-O Rb8 12. Nd5 b6 13. Nec3 Bb7 14. d3 Re8 15. Nxe7+
Qxe7 16. Nd5  1/2-1/2